| 000 | 01009nkm a2200253 i 4500 | ||
|---|---|---|---|
| 001 | 3795 | ||
| 003 | ES-MaACL | ||
| 005 | 20250713062822.0 | ||
| 007 | khrbo | ||
| 008 | 070611s1986 sp --- g |001||spa d | ||
| 100 | 0 |
_aAlfonso, _d1902-1990 _919858 |
|
| 245 | 1 | 0 |
_aRecital de piano por Francisco Hernández Alamo [ _hFotografía] / _cAlfonso (sello). |
| 260 |
_a[S.l. : _bs.n.], _c1986. |
||
| 300 |
_a2 fot. : _bb. y n. ; _c12 x 18 cm. |
||
| 500 | _aDatos basados en invitación. | ||
| 511 | 0 | _aInterviene: Francisco Hernández Álamo. | |
| 518 | _aActo organizado por el Ateneo de Madrid, celebrado en el salón de actos el viernes, 9 de mayo de 1986, a las 19:30 h. | ||
| 600 | 1 | 4 |
_aHernández Alamo, Francisco. _962872 |
| 610 | 2 | 4 |
_aAteneo de Madrid- _xActos culturales- _y1986- _vFotografías. _91901 |
| 710 | 2 |
_aAteneo de Madrid. _91875 |
|
| 852 |
_aES-MaACL _jFOT 117/1986 |
||
| 856 | 4 |
_uhttp://www.ateneodemadrid.net/biblioteca_digital/imagenes/1986/0117-1986.jpg _zVer imagen |
|
| 999 |
_c3795 _d3795 |
||